South Eastern Kenya University

Library Online Public Access Catalogue


Borderline personality disorder in adolescents : (Record no. 10799)

MARC details
000 -LEADER
fixed length control field 00748cam a22001934a 4500
020 ## - INTERNATIONAL STANDARD BOOK NUMBER
International Standard Book Number 9781592332878
020 ## - INTERNATIONAL STANDARD BOOK NUMBER
International Standard Book Number 1592332870
050 00 - LIBRARY OF CONGRESS CALL NUMBER
Classification number RJ506.B65
Item number A38 2007
100 1# - MAIN ENTRY--PERSONAL NAME
Personal name Aguirre, Blaise A.
245 10 - TITLE STATEMENT
Title Borderline personality disorder in adolescents :
Remainder of title a complete guide to understanding and coping when your adolescent has BPD /
Statement of responsibility, etc. Blaise A. Aguirre.
260 ## - PUBLICATION, DISTRIBUTION, ETC. (IMPRINT)
Place of publication, distribution, etc. Beverly, Mass. :
Name of publisher, distributor, etc. Fair Winds Press,
Date of publication, distribution, etc. c2007.
300 ## - PHYSICAL DESCRIPTION
Extent 288 p. ;
650 #0 - SUBJECT ADDED ENTRY--TOPICAL TERM
Form subdivision Popular works.
650 #0 - SUBJECT ADDED ENTRY--TOPICAL TERM
Form subdivision Popular works.
856 41 - ELECTRONIC LOCATION AND ACCESS
Uniform Resource Identifier <a href="http://www.loc.gov/catdir/toc/ecip0720/2007024656.html">http://www.loc.gov/catdir/toc/ecip0720/2007024656.html</a>
856 42 - ELECTRONIC LOCATION AND ACCESS
Uniform Resource Identifier <a href="http://www.loc.gov/catdir/enhancements/fy0737/2007024656-d.html">http://www.loc.gov/catdir/enhancements/fy0737/2007024656-d.html</a>
856 42 - ELECTRONIC LOCATION AND ACCESS
Uniform Resource Identifier <a href="http://www.loc.gov/catdir/enhancements/fy0737/2007024656-b.html">http://www.loc.gov/catdir/enhancements/fy0737/2007024656-b.html</a>
942 ## - ADDED ENTRY ELEMENTS (KOHA)
Source of classification or shelving scheme Library of Congress Classification
Koha item type General circulation
Holdings
Withdrawn status Lost status Source of classification or shelving scheme Damaged status Not for loan Home library Current library Shelving location Date acquired Source of acquisition Total Checkouts Full call number Barcode Date last seen Price effective from Koha item type Public note
    Library of Congress Classification     Kitui Town Campus Library Kitui Town Campus Library General Stacks 11/02/2016 Donation - Books For Africa   RJ 506.B65 A38 2016/013359 11/02/2016 11/02/2016 General circulation dm
Kitui, Kenya.
+254736116989
library@seku.ac.ke